Estatuto jurídico de la seguridad privada en Chile

Uloženo v:
Podrobná bibliografie
Hlavní autor: Razazi Aylwin, Tomás Andrés
Médium: Neznámo
Jazyk:angličtina
Vydáno: Santiago, Chile. Libromar, 2021
Témata:
Tagy: Přidat tag
Žádné tagy, Buďte první, kdo vytvoří štítek k tomuto záznamu!

MARC

LEADER 00000 a2200000 4500
003 CL-VaPUC
005 20211123130714.0
008 211102b2021 ||||| |||| 00| 0 eng d
999 |c 433806  |d 433804 
020 |a 9789567890903 
040 |c Pontificia Universidad Católica de Valparaíso 
082 |a 363.28 RAZ 2021  |2 22 
100 1 |a Razazi Aylwin, Tomás Andrés  |9 863841 
245 1 |a Estatuto jurídico de la seguridad privada en Chile 
260 |a Santiago, Chile.  |b Libromar,  |c 2021 
300 |a 340 páginas  
583 |k Cristina María Rojas Aguilar  |c 20211102 
650 0 |a Seguridad privada   |9 434297  |x Chile 
942 |2 ddc  |c BK 
952 |0 0  |1 0  |2 ddc  |4 0  |6 363_280000000000000_RAZ_2021  |7 0  |8 A  |9 579090  |a BIBDER  |b BIBDER  |d 2021-11-02  |e 22  |g 29000.00  |i 5624657  |o 363.28 RAZ 2021  |p 5624657  |r 2023-01-25  |t 1  |v 29000.00  |w 2021-11-02  |y BK  |k DER